000 00867nam a22002657a 4500
001 783
003 UA-OsUOA
005 20240103161226.0
007 ta
008 20050705b un ||||| |||| 00| 0 ukr d
020 _a5-7777-0176-0
040 _aUA-OsUOA
_brus
_cUA-OsUOA
_dUA-OsUOA
041 _arus
080 _a321.7
090 _a321.7
_bК 76
100 _aКоэн Дж.
245 _aГражданское общество и политическая теория
_cДжин Л. Коэн, Эндрю Арато
260 _aМ.
_bВесь Мир
_c2003
300 _a784 с.
650 7 _a321 Форми політичних організацій. Держави як політичні влади
_2UDC
700 _aАрато Э.
942 _cBK
_2udc
955 _a1
999 _c286942
_d286942